000 00555nam a2200169 4500
999 _c4660
_d4660
008 160919b xxu||||| |||| 00| 0 eng d
022 _a2094-8042
082 _aDPer 370.105 M72 Jan-Dec 2012 V. 60-61
100 _914871
_aCustodio, Serge R., Jr.
243 _aThe modern teacher
245 _aAng mangangaso at ang pipit/
_cSerge R. Custodio Jr.
260 _aPhilippines:
_bIn the Grade School, Inc.,
_c©2012.
300 _aV61 n5, pages 196-197;
_c28 cm.
500 _aThe Modern Teacher.
650 0 _914872
_aShort stories
942 _2ddc
_cPER